Putting the power of your subconscious mind to work : (Record no. 137656)
[ view plain ]
| 000 -LEADER | |
|---|---|
| fixed length control field | 00689nam a22001817a 4500 |
| 005 - DATE AND TIME OF LATEST TRANSACTION | |
| control field | 20170216152412.0 |
| 010 ## - LCCN (DPL NO) | |
| LC control number | ENG-117274 |
| 020 ## - INTERNATIONAL STANDARD BOOK NUMBER | |
| International Standard Book Number | 9788183227940 |
| Terms of availability | 195.00 |
| 035 ## - SYSTEM CONTROL NUMBER | |
| System control number | EN-100806 |
| 037 ## - SOURCE OF ACQUISITION | |
| Source of stock number/acquisition | DBAD/PUB |
| 082 ## - DEWEY DECIMAL CLASSIFICATION NUMBER | |
| Classification number | 154.2 |
| 100 ## - MAIN ENTRY--PERSONAL NAME | |
| Personal name | Murphy,Joseph |
| 245 ## - TITLE STATEMENT | |
| Title | Putting the power of your subconscious mind to work : |
| Statement of responsibility, etc | by Debanjan Kundu [and] Simantini Sircar |
| Remainder of title | how to reach new heights of success in your career using the power of your subconscious mind / |
| 260 ## - PUBLICATION, DISTRIBUTION, ETC. (IMPRINT) | |
| Place of publication, distribution, etc | New Delhi |
| Name of publisher, distributor, etc | Manjul Publishing House |
| Date of publication, distribution, etc | 2017 |
| 270 ## - ADDRESS | |
| Address | 7/32,Ground Floor,Ansari Road,Daryaganj |
| City | New Delhi |
| Postal code | 110002 |
| 300 ## - PHYSICAL DESCRIPTION | |
| Extent | xv,226p. |
| Dimensions | 21cm(pbk) |
| 942 ## - ADDED ENTRY ELEMENTS (KOHA) | |
| Source of classification or shelving scheme | Dewey Decimal Classification |
| Item type | English Books |
| Call number suffix | MUR |
| Classification part | 154.2 |
| Withdrawn status | Lost status | Not for loan | Collection code | Home library | Current library | Date acquired | Source of acquisition | Cost, normal purchase price | Full call number | Barcode | Copy number | Cost, replacement price | Koha item type |
|---|---|---|---|---|---|---|---|---|---|---|---|---|---|
| Not For Loan | Non-fiction | D.B.Act.Division | Bawana | 16/02/2017 | DBAD/PUB | 195.00 | 154.2 MUR | EN-100806 | 1 | 195.00 | English Books |
